MARC

LEADER 00000nam0a2200000 4500
001 106814
005 20231031115038.0
035 |a (RuTPU)RU\TPU\book\115350 
090 |a 106814 
100 |a 20061214d1981 k y0rusy50 ca 
101 0 |a rus 
102 |a RU 
105 |a a z 000zy 
200 1 |a Химическая стойкость полимерных материалов  |f Г. Я. Воробьева 
210 |a Москва  |c Химия  |d 1981 
215 |a 296 с.  |c ил. 
320 |a Библиография в конце глав. 
610 1 |a полимерные материалы 
610 1 |a химическая стойкость 
610 1 |a определение 
610 1 |a свойства 
610 1 |a агрессивные среды 
610 1 |a эластомеры 
610 1 |a применение 
675 |a 678.01  |v 3 
700 1 |a Воробьева  |b Г. Я.  |g Галина Яковлевна 
801 1 |a RU  |b 63413507  |c 20061214  |g PSBO 
801 2 |a RU  |b 63413507  |c 20160616  |g PSBO 
942 |c BK